Lipidy izolované zo sliviek diplomová práca

Gespeichert in:
Bibliographische Detailangaben
1. Verfasser: Smatanová, Mária
Format: Buch
Sprache:Slowakisch
Veröffentlicht: Bratislava STU FCHPT 2015
Online-Zugang:Im OPAC anzeigen
Tags: Tag hinzufügen
Keine Tags, Fügen Sie das erste Tag hinzu!

MARC

LEADER 00000nam a2200000 a 4500
005 20260127134117.0
008 151209 2015 000 0 slo d
035 |a vtls011427085 
039 9 |y 201512091228  |z mschk03 
040 |a STUSCHK1  |b slo  |c STUSCHK1  |e AACR2 
100 1 |a Smatanová, Mária 
245 1 |a Lipidy izolované zo sliviek  |b diplomová práca  |c Mária Smatanová 
260 |a Bratislava  |b STU FCHPT  |c 2015 
300 |a 96 s.  |b il.  |c 25 cm 
500 |a Študijný program: výživa a ochrana zdravia 
500 |a Študijný odbor: potravinárstvo 
500 |a Školiace pracovisko: Odd. výživy a hodnotenia potravín 
500 |a Evid. číslo: FCHPT-5465-69617 
910 |a SCHK95 
999 |c 4330  |d 4330